| 000 | 01003nam a2200277 a 4500 | ||
|---|---|---|---|
| 001 | 46261 | ||
| 003 | BD-RjUL | ||
| 005 | 20211209054128.0 | ||
| 008 | 160801s1956 ii 000 0 eng | ||
| 035 | _a(BD-RjUL)46379 | ||
| 040 |
_aDLC _cCarP _dBD-RjUL _beng |
||
| 041 | _aeng | ||
| 082 |
_a345.54 _223 _bGOP 1956 |
||
| 100 |
_aGour, Hari Singh _9142061 |
||
| 245 | 1 | 4 |
_aThe penal law of India : _bbeing an analytical, critical and expository commentary on the Indian penal code (Act XLV of 1860 as amended up to date) / _cby Hari Singh Gour ; edited by Kamalakanta Verma , R. L. Anand & S. S. Sastry |
| 250 | _a6th ed. | ||
| 260 |
_aAllahabad : _bLaw Book Co. , _c1956 |
||
| 300 |
_a v. ; _c25 cm. |
||
| 500 | _a"In Three Volumes" | ||
| 505 | 0 | _av. 3, (sections 378 to End) -- | |
| 650 | 0 |
_aCriminal law _zIndia. _913618 |
|
| 700 | 1 |
_aVerma, S. K. _q(Shashi Kant), _d1911- _eed. _913620 |
|
| 700 | 1 |
_aAnand, R. L., jt. ed. _9157046 |
|
| 700 | 1 |
_aSastry, S. S. , jt. ed. _9157047 |
|
| 942 |
_2ddc _cBK |
||
| 999 |
_c46261 _d46261 |
||